000 01243nam a2200241Ia 4500
999 _c55846
_d55846
001 22943
003 GE_BSU
005 20230607103107.0
008 181216s ||||ge |||||||||||||| ||geo||
040 _cGE_BSU
041 _ageo
080 _a821.353.1(092):091(=353.1) კ-76
245 _aკორნელი კეკელიძის პირადი არქივის აღწერილობა = Описание личного архива К.С.Кекелидзе /
_cშემდგ. რ. კავილაძე.
264 _aთბილისი :
_bმეცნიერება,
_c1979.
300 _a190 გვ. ;
_b9ფ. ილ. ;
_c21სმ.
541 _h7ლ.
653 _aკორნელი კეკელიძის პირადი არქივის აღწერილობა
653 _aპირადი არქივები
653 _aქართველი ლიტერატურათმცოდნეები
700 _aკავილაძე, რ.
_eშემდგენელი
_918520
710 _aკ. კეკელიძის სახელობის ხელნაწერთა ინსტიტუტი
_918521
942 _cBK
_2udc